Sujātā. (Record no. 72610)

MARC details
000 -LEADER
fixed length control field 00566cam a22002411 4500
001 - CONTROL NUMBER
control field sa 67001408
003 - CONTROL NUMBER IDENTIFIER
control field DLC
005 - DATE AND TIME OF LATEST TRANSACTION
control field 20260227112322.0
008 - FIXED-LENGTH DATA ELEMENTS--GENERAL INFORMATION
fixed length control field 890824s1964 ii 000 0 orio
010 ## - LIBRARY OF CONGRESS CONTROL NUMBER
LC control number sa 67001408
035 ## - SYSTEM CONTROL NUMBER
System control number (OCoLC)20253288
040 ## - CATALOGING SOURCE
Original cataloging agency DLC
Transcribing agency WaU
Modifying agency DLC
042 ## - AUTHENTICATION CODE
Authentication code premarc
050 00 - LIBRARY OF CONGRESS CALL NUMBER
Classification number PK2576
Item number .M5
100 1# - MAIN ENTRY--PERSONAL NAME
Personal name Miśra, Tattvakandara.
245 10 - TITLE STATEMENT
Title Sujātā.
260 ## - PUBLICATION, DISTRIBUTION, ETC.
Date of publication, distribution, etc. [1964]
300 ## - PHYSICAL DESCRIPTION
Extent 88 p.
Dimensions 18 cm.
500 ## - GENERAL NOTE
General note In Oriya.
500 ## - GENERAL NOTE
General note Poems.
650 #0 - SUBJECT ADDED ENTRY--TOPICAL TERM
Topical term or geographic name entry element Oriya poetry.
710 2# - ADDED ENTRY--CORPORATE NAME
Corporate name or jurisdiction name as entry element Sahitya Samsad (Cuttack, India)

No items available.

Powered by Koha